Foxe's book of martyrs / (Record no. 6631)

MARC details
000 -LEADER
fixed length control field 00550nam a22002057a 4500
003 - CONTROL NUMBER IDENTIFIER
control field GBCCL
005 - DATE AND TIME OF LATEST TRANSACTION
control field 20241126110607.0
008 - FIXED-LENGTH DATA ELEMENTS--GENERAL INFORMATION
fixed length control field 180521b ||||| |||| 00| 0 eng d
040 ## - CATALOGING SOURCE
Transcribing agency gbc
082 ## - DEWEY DECIMAL CLASSIFICATION NUMBER
Classification number 272
Item number FOX
245 ## - TITLE STATEMENT
Title Foxe's book of martyrs /
Statement of responsibility, etc. Edited by Marie Gentert King
250 ## - EDITION STATEMENT
Edition statement 13th printing
260 ## - PUBLICATION, DISTRIBUTION, ETC.
Place of publication, distribution, etc. New Jersey:
Name of publisher, distributor, etc. Fleming H. Revell Company,
Date of publication, distribution, etc. 1977
300 ## - PHYSICAL DESCRIPTION
Extent 396 p.;
Dimensions 18 cm.
490 ## - SERIES STATEMENT
Series statement Spire books
650 ## - SUBJECT ADDED ENTRY--TOPICAL TERM
Topical term or geographic name entry element Martyrs
9 (RLIN) 2187
650 ## - SUBJECT ADDED ENTRY--TOPICAL TERM
Topical term or geographic name entry element Persecutions
9 (RLIN) 11858
650 ## - SUBJECT ADDED ENTRY--TOPICAL TERM
Topical term or geographic name entry element Church History
9 (RLIN) 117
942 ## - ADDED ENTRY ELEMENTS (KOHA)
Source of classification or shelving scheme Dewey Decimal Classification
Koha item type Books
Koha issues (borrowed), all copies 1
Holdings
Withdrawn status Lost status Source of classification or shelving scheme Damaged status Not for loan Home library Current Library Shelving location Date acquired Total checkouts Full call number Barcode Date last seen Copy number Price effective from Koha item type Date last checked out
    Dewey Decimal Classification     GRACE BIBLE COLLEGE GRACE BIBLE COLLEGE Church History 2018-05-21   272 FOX 009099 2025-05-01 c.1 2018-05-21 Books  
    Dewey Decimal Classification     GRACE BIBLE COLLEGE GRACE BIBLE COLLEGE Church History 2018-07-18 1 272 FOX 000952 2025-05-01 c.2 2018-07-18 Books 2024-09-06
© Grace Bible College Library 2025